000 01177nac a22002897a 4500
001 BR8302076
003 BR-BrBNA
005 20240105115703.0
008 230509b bl.|||m| |||| 00| 0 por d
040 _aBR-BrBNA
_bpor
_cBiblioteca Nacional de Agricultura
072 _aH20
090 _a0120 BR8302076
100 1 _aBatista, M. de F.
100 1 _aSa Sobrinho, A.F. de
110 1 _aUnidade de Execucao de Pesquisa de Ambito Estadual de Manaus, AM (Brasil)
_910369
245 1 _aDencas do milho no estado do Amazonas [Zea mays, mancha da folha, Helminthosporium turcicum, Helminthosporium maydis, Curvularia lunata, enfezamento, Brasil]
246 1 _a[Maize diseases in the state of Amazonas [Zea mays, leaf spot, Helminthosporium turcicum, Helminthosporium maydis, Curvularia lunata, rachitis, Brazil]
260 3 _aManaus, AM (Brasil):
_c1983.
300 _a3 p.
490 _aComunicado Tecnico - Unidade de Execucao de Pesquisa de Ambito Estadual de Manaus (Brazil)
_vno. 34
_x
650 _aMILHO
650 _aMANCHA FOLIAR
650 _aENFEZAMENTO
650 _aAMAZONAS
909 _a202312
_bLúcia Elande
_c55
_dLúcia Elande
942 _2AGRIS
_n0
_cMS
999 _c275913
_d275913